000 00475nam a2200193Ia 4500
005 20240823022223.0
008 240823s9999||||xx |||||||||||||| ||und||
020 _a81-315-0123-X
041 _aENGLISH
082 _A658.404 P7
100 _a"Schwalbe,Kathy"
245 0 _aInformation Technology Project Management
250 _a4th
260 _c2007
_b"Thompson,Aust"
500 _aYES
650 _aManagement
_bManagement Studies
942 _cBK
999 _c178645
_d178645